000 00294nam a2200121Ia 4500
008 190216s9999||||xx |||||||||||||| ||und||
100 _aAmrchand D
245 0 _aPromotion And Controll Of Private Industry In India
260 _bNull
_c1976
300 _a336p
650 _aEconomics
942 _cBK
999 _c9434
_d9434